| 000 | 00000nam 2200000za 4500 |
| 001 | 9.674449 |
| 003 | CaOODSP |
| 005 | 20250116102518 |
| 007 | cr ||||||||||| |
| 008 | 150407|2005||||xxc|||||o f|0| 0 spa d |
| 020 | |a0-662-02834-1 |
| 040 | |aCaOODSP|beng |
| 043 | |an-cn--- |
| 086 | 1 |aA22-401/2005Spa-PDF|zA22-401/2005Sp-PDF |
| 110 | 1 |aCanada.|bAgriculture and Agri-Food Canada. |bAgri-Food Trade Service. |
| 245 | 10|aCanada - excellence at your table |h[electronic resource] |
| 246 | 1 |aCanada - la excelencia en su mesa |
| 250 | |a[Spanish edition]. |
| 260 | |aOttawa - Ontario : |bAgriculture and Agri-Food Canada. |c[2005]. |
| 300 | |a133p.|bphotographs |
| 500 | |aIssued also in English under title: Canada - excellence at your table. |
| 546 | |aText in Spanish. |
| 590 | |a07-32|b2007-08-10 |
| 690 | 07|aCooking|2gcpds |
| 775 | 08|tCanada - excellence at your table |w(CaOODSP)9.687749 |
| 792 | |tCanada - l'excellence à votre table |efre|w(CaOODSP)9.674450 |
| 856 | 40|ahttp://publications.gc.ca|qPDF|s9168 KB|uhttps://publications.gc.ca/collections/collection_2007/agr/A22-401-2005Sp.pdf |